Normal view
MARC view
- ترجمة سامي بن صالح العرجان، ترجمة ريم بنت جميل عبد الرزاقBannink, Fredrike, م.مشارك Nicole Geschwind
Entry Personal Name
001 - CONTROL NUMBER
- control field: 62769
003 - CONTROL NUMBER IDENTIFIER
- control field: JO-AjAnu
005 - DATE AND TIME OF LATEST TRANSACTION
- control field: 20230606084241.0
008 - FIXED-LENGTH DATA ELEMENTS
- fixed length control field: 230606|| aca||aabn | a|a d
040 ## - CATALOGING SOURCE
- Original cataloging agency: JO-AjAnu
- Transcribing agency: JO-AjAnu
100 ## - HEADING--PERSONAL NAME
- Personal name: ترجمة سامي بن صالح العرجان، ترجمة ريم بنت جميل عبد الرزاقBannink, Fredrike, م.مشارك Nicole Geschwind
670 ## - SOURCE DATA FOUND
- Source citation: Work cat.: (JO-AjAnu)32007: ترجمة سامي بن صالح العرجان، ترجمة ريم بنت جميل عبد الرزاقBannink, Fredrike, م.مشارك Nicole Geschwind, author, العلاج المعرفي السلوكي الايجابي: بروتوكولات العلاج الفردي والجماعي في العلاج المعرفي السلوكي الايجابي